[Event "CRO-chT4 Center-A"]
[Site "Zagreb"]
[Date "2011.10.02"]
[Round "7.52"]
[White "Vukalovic, Zeljko"]
[Black "Kelecic, Dragutin"]
[Result "0-1"]
[WhiteElo "2018"]
[BlackElo "2011"]
[PlyCount "142"]
[EventDate "2011.03.13"]
[EventType "team-tourn"]
[EventRounds "7"]
[EventCountry "CRO"]
[SourceTitle "EXT 2014"]
[Source "ChessBase"]
[SourceDate "2013.11.20"]
[SourceVersion "1"]
[SourceVersionDate "2013.11.20"]
[SourceQuality "1"]

1. d4 d5 2. c4 e6 3. Nc3 Nf6 4. Bg5 Nbd7 5. e3 Be7 6. Nf3 0-0 7. Bd3 a6 8. 0-0 dxc4 9. Bxc4 b5 10. Bd3 Bb7 11. a4 b4 12. Nb1 h6 13. Bh4 c5 14. Nbd2 cxd4 15. exd4 Nd5 16. Bxe7 Qxe7 17. Rc1 Rfc8 18. Qb3 Nf4 19. Rfe1 Nb6 20. Bf1 Bd5 21. Qe3 Ng6 22. a5 Rxc1 23. Rxc1 Na4 24. Nc4 Rc8 25. b3 Nc3 26. Nb6 Rd8 27. Nxd5 Rxd5 28. Bxa6 Rxa5 29. Bc4 Qd7 30. Re1 Nd5 31. Qe4 Qa7 32. h3 Qc7 33. Ne5 Nxe5 34. dxe5 Nc3 35. Qd4 Qa7 36. Qh4 Qc7 37. Qd4 g6 38. Qf4 Kg7 39. Re3 Qe7 40. Kh2 Qg5 41. Qxg5 hxg5 42. g4 Ra2 43. Kg2 Rd2 44. Rd3 Rxd3 45. Bxd3 Nd5 46. Bf1 Kf8 47. Kf3 Ke7 48. Bc4 Nc3 49. Ke3 Nd1+ 50. Ke2 Nc3+ 51. Kd3 Kd7 52. Kd4 Kc6 53. Bd3 Nd1 54. f3 Nb2 55. Be2 Kb6 56. Ke4 Kc5 57. Ke3 Kd5 58. Kd2 Kd4 59. Ba6 Kxe5 60. Kc2 Kd4 61. Kxb2 e5 62. Kc2 Ke3 63. Bb7 f5 64. Bd5 f4 65. Be4 Ke2 66. Bxg6 Kxf3 67. Kd3 Kg3 68. Ke2 f3+ 69. Kf1 Kxh3 70. Kg1 Kxg4 71. Kf2 Kf4 0-1

[Event "CRO-chT4 Center-A"]
[Site "Zagreb"]
[Date "2011.04.10"]
[Round "5.62"]
[White "Dotlic, Zdravko"]
[Black "Kelecic, Dragutin"]
[Result "1/2-1/2"]
[WhiteElo "1994"]
[BlackElo "2011"]
[PlyCount "138"]
[EventDate "2011.03.13"]
[EventType "team-tourn"]
[EventRounds "7"]
[EventCountry "CRO"]
[SourceTitle "EXT 2014"]
[Source "ChessBase"]
[SourceDate "2013.11.20"]
[SourceVersion "1"]
[SourceVersionDate "2013.11.20"]
[SourceQuality "1"]

1. e4 e5 2. Nf3 Nc6 3. Bb5 Nf6 4. 0-0 Be7 5. Re1 d6 6. d4 exd4 7. Nxd4 Bd7 8. Nc3 0-0 9. h3 a6 10. Bxc6 bxc6 11. Qf3 Re8 12. Nf5 Bf8 13. Bg5 Re6 14. Nd4 Re5 15. Bf4 Re8 16. Bg5 h6 17. Bxf6 Qxf6 18. Qxf6 gxf6 19. Rad1 Rab8 20. b3 Bg7 21. Nf5 Re5 22. Nxg7 Kxg7 23. Re3 Rbe8 24. g4 h5 25. gxh5 Rxh5 26. Rdd3 Reh8 27. Rg3+ Kf8 28. Ne2 Rxh3 29. Rxh3 Rxh3 30. Ng3 Rh4 31. Kg2 Rg4 32. Kf3 Rg5 33. Kf4 Rc5 34. c3 a5 35. a3 Be6 36. b4 axb4 37. cxb4 Rc2 38. Ke3 Bc4 39. Rd2 Rc1 40. Kd4 Be6 41. Rd3 Rc4+ 42. Ke3 d5 43. f3 Rc1 44. Ne2 Re1 45. Rc3 d4+ 46. Kxd4 Rxe2 47. Rxc6 Rd2+ 48. Ke3 Ra2 49. Ra6 Ke7 50. a4 Ra3+ 51. Kf4 Bd7 52. b5 Rb3 53. Ra7 Rb4 54. Ra6 f5 55. Ke3 fxe4 56. fxe4 Be6 57. Ra8 Kd6 58. Kd3 Bb3 59. Ra6+ Kd7 60. Kc3 Rxa4 61. Kxb3 Rxa6 62. bxa6 Kc6 63. Kc4 Kb6 64. Kd5 Kxa6 65. Kc6 Ka5 66. Kxc7 Kb4 67. Kd7 Kc4 68. Ke7 Kd4 69. Kxf7 Kxe4 1/2-1/2

[Event "CRO-chT4 Center-A"]
[Site "Zagreb"]
[Date "2011.03.13"]
[Round "1.52"]
[White "Kelecic, Dragutin"]
[Black "Podravec, Kresimir"]
[Result "1/2-1/2"]
[WhiteElo "2011"]
[BlackElo "2140"]
[PlyCount "48"]
[EventDate "2011.03.13"]
[EventType "team-tourn"]
[EventRounds "7"]
[EventCountry "CRO"]
[SourceTitle "EXT 2014"]
[Source "ChessBase"]
[SourceDate "2013.11.20"]
[SourceVersion "1"]
[SourceVersionDate "2013.11.20"]
[SourceQuality "1"]

1. Nf3 d5 2. d4 Nf6 3. g3 e6 4. Bg2 Bd6 5. 0-0 0-0 6. b3 Nbd7 7. Bb2 c6 8. c4 b5 9. Qc2 bxc4 10. bxc4 Ba6 11. Nbd2 Rb8 12. Rfd1 c5 13. Ne5 Qc7 14. Nxd7 Nxd7 15. cxd5 exd5 16. Bxd5 Bxe2 17. Re1 Bh5 18. Ba3 Bg6 19. Be4 Rfc8 20. Bxg6 hxg6 21. Nc4 Bf8 22. d5 Nb6 23. Red1 Nxc4 24. Qxc4 Bd6 1/2-1/2

[Event "Zagreb op"]
[Site "Zagreb"]
[Date "2007.03.21"]
[Round "5"]
[White "Sambolec, Andreja"]
[Black "Kelecic, Dragutin"]
[Result "0-1"]
[WhiteElo "1828"]
[BlackElo "2013"]
[PlyCount "102"]
[EventDate "2007.03.17"]
[EventType "swiss"]
[EventRounds "9"]
[EventCountry "CRO"]
[SourceTitle "CBM 117 Extra"]
[Source "ChessBase"]
[SourceDate "2007.05.09"]
[SourceVersion "1"]
[SourceVersionDate "2007.05.09"]
[SourceQuality "1"]

1. e4 e5 2. Nf3 Nc6 3. Bb5 Nf6 4. 0-0 d6 5. d4 exd4 6. Nxd4 Bd7 7. Nc3 Be7 8. Re1 0-0 9. Nxc6 bxc6 10. Bd3 Re8 11. h3 h6 12. f4 Bf8 13. Qf3 Nd5 14. Nxd5 cxd5 15. e5 Qh4 16. Bd2 c6 17. c4 dxe5 18. cxd5 Bc5+ 19. Kh1 cxd5 20. fxe5 Be6 21. Bb5 Red8 22. Bc6 Rab8 23. Ba5 Bb6 24. Bb4 Qxb4 25. Rad1 Qh4 26. Rf1 Rbc8 27. Bxd5 Bxd5 28. Rxd5 Qe7 29. Rb5 Rc5 30. Rxc5 Bxc5 31. Re1 Re8 32. Qd5 Bb6 33. Qb5 Qe6 34. Re4 Rd8 35. Re1 Rd5 36. Qe2 Bc7 37. Qc4 Rxe5 38. Qxe6 Rxe6 39. Rc1 Bb6 40. Rc2 f5 41. g3 Kf7 42. Kg2 g5 43. Rd2 Ke7 44. Kf3 Re3+ 45. Kg2 Ke6 46. Rc2 Kd5 47. Rd2+ Bd4 48. b3 Ke4 49. Rc2 Rc3 50. Re2+ Be3 51. Kh2 Rd3 0-1